00543nam a2200193 a 4500001001300000003000900013005001700022008004100039020001200080082001500092100002400107245007400131260004700205300000900252500003500261505001000296650001900306700002400325nice12345678IN_TiNIC20260116011607.0050524s1963 cama grp 000 0 eng  ac273.700a956.1bROB aRobinson, Richard D aFirst Turkish Republic Cambridgeb Case Study in National Development aCambridgebHarvard University Press c1963 a367p aincludes index and biblioraphy2 aIndex aTurkey-History1 aRobinson, Richard D